LEADER 01523nam a2200325 u 4500 001 000000052719 003 CaOOAMICUS 005 20070226115459.0 008 001024s1999 vc u000 u ita u 020 $a8820929368 035 $a10859218 040 $aPUL$bita$dBAV 041 1 $aita$agrc$alat 245 03$aLa dottrina eucaristica dei secoli I-IV.$pDa Afraate il saggio a Didimo il cieco /$cedizione bilingue, introduzione, note e versione italiana di Gerardo Di Nola. 246 30$aDa Afraate il saggio a Didimo il cieco 260 $aCittą del Vaticano :$bLibreria editrice vaticana,$cc2000. 300 $a415 p. ;$c21 cm 490 1 $aBibliotheca patristica eucharistica ;$v4 504 $aComprende bibliografia. 546 $aTesto greco e latino con traduzione italiana a fronte. 700 1 $aDi Nola, Gerardo.$0(OLS)http://pul/name/5673 830 0$aBibliotheca patristica eucharistica ;$v4.$0(OLS)http://pul/title/45680 850 $aPUL 852 $aPUL$W1$xSL Religione 1$y3$m68 A 33$j69657$nBK-PRI$b $qStampati$B69657$CPULBib$Z2$F69657 $H $81 941 1 $a8 961 $aINV: 83000 996 $6020$a8820929368$9(OLS)http://pul/number/66513 996 $6245$aLa dottrina eucaristica dei secoli I-IV.$pDa Afraate il saggio a Didimo il cieco$9(OLS)http://pul/title/70685 996 $6246$aDa Afraate il saggio a Didimo il cieco$9(OLS)http://pul/title/70686 996 $6260$aCittą del Vaticano :$bLibreria editrice vaticana$9(OLS)http://pul/publisher/47920 LEADER 01513nam a2200349 a 4500 001 000000174292 003 CaOOAMICUS 005 20210222152939.0 008 210222s2020 it 001 u ita r 020 $a978-88-399-3603-5* 032 $aLibriCat 040 $aPUL$bita 041 1 $aita$hger 100 1 $aSeewald, Michael.$0(OLS)http://pul/name/111995 240 10$aDogma im Wandel. wie Glaubenslehren sich entwickeln. $bItaliano.$0(OLS)http://pul/title/215526 245 10$aIl dogma in divenire : $bequilibrio dinamico di continuitą e discontinuitą / $cMichael Seewald. 260 $aBrescia :$bQueriniana,$c©2020. 300 $a283 p.;$c23 cm 490 1 $aBiblioteca di teologia contemporanea ;$v203 500 $aTraduzione dal tedesco di Marco Zambon. 504 $aBibliografia in nota a pič pagina. 650 4$aDogmi.$0(OLS)http://pul/subject/2500 700 1 $aZambon, Marco.$0(OLS)http://pul/name/108928 830 0$aBiblioteca di teologia contemporanea ;$v203.$0(OLS)http://pul/title/7472 850 $aPUL 852 $aPUL$W1$xSL Religione 3$y85$m200 BTC 1.203$j198603$qDDC 21$B203212$CPULBib$Z2$F203212 $H134758 $82 941 1 $a9 983 0$aBTC. 996 $6020$a978-88-399-3603-5*$9(OLS)http://pul/number/168016 996 $6245$aIl dogma in divenire : $bequilibrio dinamico di continuitą e discontinuitą / $9(OLS)http://pul/title/215527 996 $6260$aBrescia :$bQueriniana$9(OLS)http://pul/publisher/47906